00720nam a2200193Ia 4500003000400000005001700004008004100021040000900062082001500071100002700086245005400113250001200167260003700179300000900216942003600225952012400261952012400385999001700509OSt20200610121518.0190216s9999||||xx |||||||||||||| ||und|| coclc a953bALI/S aAli, Syed Ameer 92190 0aA Short History Of The Saracens /cSyed Ameer Ali a4th Ed. bKitab Bhavan,c1994.aNew Delhi: a640p cBK2ddch953iALI/Sk953mALI/S 00102ddc40708HISTORYaMESbMEScISLd2019-02-20l0o953 ALI/Sp1109r2019-02-20 00:00:00t2w2019-02-20yBKzGL44R1 00102ddc40708HISTORYaMESbMEScISLd2019-02-20l0o953 ALI/Sp1110r2019-02-20 00:00:00t1w2019-02-20yBKzGL44R1 c18634d18634